000 00285nam a22001337a 4500
008 180928b xxu||||| |||| 00| 0 eng d
020 _a9780674831773
041 _aeng
080 _a316
100 _a50
101 _aSOC
245 _aSpeaking of Sex
_cRhode, D.L
942 _2udc
_cBK
999 _c48655
_d48655